Essays on the sociology of culture (Record no. 348868)
[ view plain ]
| 000 -LEADER | |
|---|---|
| fixed length control field | 004100000a22001450004500 |
| 060 ## - NATIONAL LIBRARY OF MEDICINE CALL NUMBER | |
| Classification number | 100 |
| 082 ## - DEWEY DECIMAL CLASSIFICATION NUMBER | |
| Classification number | 306 MAN |
| 100 ## - MAIN ENTRY--PERSONAL NAME | |
| Personal name | Mannheim, Karl |
| 245 ## - TITLE STATEMENT | |
| Title | Essays on the sociology of culture |
| 260 ## - PUBLICATION, DISTRIBUTION, ETC. (IMPRINT) | |
| Place of publication, distribution, etc. | London, Routledge & kegan paul ltd. Broadway house 68 - 74 carter line |
| 260 ## - PUBLICATION, DISTRIBUTION, ETC. (IMPRINT) | |
| Date of publication, distribution, etc. | 1967 |
| 300 ## - PHYSICAL DESCRIPTION | |
| Extent | 253 |
| 650 ## - SUBJECT ADDED ENTRY--TOPICAL TERM | |
| Topical term or geographic name as entry element | Sociology/ sociology - culture essays/ cuture - democratization |
| 942 ## - ADDED ENTRY ELEMENTS (KOHA) | |
| Koha item type | Books (General) |
| Withdrawn status | Lost status | Damaged status | Not for loan | Home library | Current library | Date acquired | Total Checkouts | Full call number | Barcode | Date last seen | Price effective from | Koha item type |
|---|---|---|---|---|---|---|---|---|---|---|---|---|
| College of Agriculture, Vellayani | College of Agriculture, Vellayani | 02/05/2014 | 306 MAN | KAU_COAV-8462 | 16/12/2024 | 02/05/2014 | Books (General) |
